000
00340nam a2200157Ia 4500
100
_a
Vaz/Michael
250
_a
4
942
_c
BK
366
_f
15
654
_a
Production planning
245
_a
Management and Production Planning
260
_b
Manan Prakashan
_c
2007
082
_a
658.5/VAZ
_b
VAZ
300
_a
310
546
_a
ENGLISH
999
_c
34976
_d
34976